000 00349pab a2200145 454500
008 180718b1987 xxu||||| |||| 00| 0 eng d
100 _aDatta, Rakhal
245 _aRajiv Ghandhi's fiscal regime
_b1985 to 1987
260 _c1987
300 _a37-40
362 _a28 Mar.
650 _aExpenditures, Government
773 _aCommerce
909 _a7923
999 _c7923
_d7923